|
|
|
|
| LEADER |
00000naa a2200000uu 4500 |
| 001 |
vtls010945319 |
| 003 |
SK-MaSNL |
| 005 |
20260302121822.0 |
| 008 |
210902|1998 xo |||||||||||||||||eng| |
| 015 |
|
|
|a SNBRA
|
| 035 |
|
|
|a (urnnbn)urn:nbn:sk:snk:ar-a0bf5r
|
| 035 |
|
|
|a (uuid)d7a8d4c8-4550-445a-bf44-fab0c4d0ec5a
|
| 035 |
|
|
|a urn:nbn:sk:snk-aau7cb
|
| 040 |
|
|
|a SNKBUCL
|b slo
|c SNKBUCL
|e AACR2
|
| 041 |
0 |
|
|a eng
|
| 044 |
|
|
|a xo
|c SK
|
| 100 |
1 |
|
|a Tuherm, Henn
|4 aut
|9 804426
|
| 245 |
1 |
0 |
|a DEVELOPMENT PROCESS OF FOREST MANAGEMENT CERTIFICATION IN LATVIA
|c Henn Tuherm
|
| 773 |
0 |
|
|t Wood Structure and Properties '98
|d Zvolen : Arbora, 1998
|g S. 101-104
|z 8096708848
|
| 958 |
|
|
|a OND
|
| 958 |
|
|
|a article11
|
| 958 |
|
|
|a chapter
|
| 999 |
|
|
|c 1275475
|d 1277405
|